|
|
|
|
| LEADER |
00000naa2a2200000 4500 |
| 001 |
391136 |
| 005 |
20231101064043.0 |
| 035 |
|
|
|a (RuTPU)RU\TPU\prd\24935
|
| 090 |
|
|
|a 391136
|
| 100 |
|
|
|a 20040407a2004 k y0rusy50 ca
|
| 101 |
0 |
|
|a rus
|
| 102 |
|
|
|a RU
|
| 200 |
1 |
|
|a Оценка качества газойлей, получаемых при каталитическом крекинге смешанного сырья
|f Л. Э. Круглова, С. Н. Хаджиев
|
| 320 |
|
|
|a Библиогр.: 7 назв.
|
| 461 |
|
1 |
|0 (RuTPU)RU\TPU\prd\1600
|x 0028-2421
|t Нефтехимия
|o научный журнал
|f Российская академия наук (РАН)
|d 1963-
|
| 463 |
|
1 |
|0 (RuTPU)RU\TPU\prd\24187
|t Т. 44, № 1
|v С. 11-15
|d 2004
|
| 610 |
1 |
|
|a каталитический крекинг
|
| 610 |
1 |
|
|a расчетные методы
|
| 610 |
1 |
|
|a прогнозирование
|
| 610 |
1 |
|
|a переработка нефти
|
| 610 |
1 |
|
|a пилотные установки
|
| 610 |
1 |
|
|a смешанное сырье
|
| 610 |
1 |
|
|a ароматические углеводороды
|
| 610 |
1 |
|
|a газойли
|
| 675 |
|
|
|a 665.644.2-404
|v 3
|
| 700 |
|
1 |
|a Круглова
|b Л. Э.
|
| 701 |
|
1 |
|a Хаджиев
|b С. Н.
|
| 801 |
|
1 |
|a RU
|b 63413507
|c 20040407
|g PSBO
|
| 801 |
|
2 |
|a RU
|b 63413507
|c 20130724
|g RCR
|
| 942 |
|
|
|c BK
|